000 00852nam a2200253Ia 4500
003 OSt
005 20220923211523.0
006 a|||||r|||| 00| 0
007 ta
008 Pun
020 _a9789380918280 (hbk)
_c150
024 _a276,305
037 _b669, 03/06/2013, H.K. Prakashan
_cTextual
040 _aARTS
_cARTS
_bPun
041 _2Pun
_aPun
082 _aO153,3NBAx, Q1
100 _aਬੱਬਰੀ, ਅਮਰਜੀਤ ਸਿੰਘ
245 0 _aਇFਕ ਤੰਦੂਰ ਰੱਡਾਂ ਦਾ ਥਾਲਣ
260 _aਸਮਾਣਾ
_b ਸੰਗਮ ਪਬਲੀਕੇFਨਗ਼
_c2011
300 _a152ਪੰ
_ccm.
650 _aਪੰਜਾਬੀ ਸਾਹਿਤ
942 _hO153,3NBAx, Q1
_cTEXL
_2CC
999 _c300360
_d300360